| 000 | 00501nam a2200217Ia 4500 | ||
|---|---|---|---|
| 008 | 160525s9999||||xx |||||||||||||| ||und|| | ||
| 040 | _cEnglish | ||
| 082 | _aXV.G/Ramkrishna | ||
| 082 | _bBORI-87605 | ||
| 245 | _aLife of Sri Ramakrishna | ||
| 300 | _a692 | ||
| 300 | _cB | ||
| 300 | _eHardbound | ||
| 530 | _u00087605.pdf | ||
| 563 | _aRef | ||
| 630 | _aLife of Sri Ramakrishna | ||
| 650 | _aBiography | ||
| 650 | _aReference | ||
| 730 | _aLife of Sri Ramakrishna | ||
| 942 | _cBOOK | ||
| 999 |
_c1384455 _d1384452 |
||